Normal view
MARC view
- Ali Hussain Shah
Entry Personal Name
001 - CONTROL NUMBER
- control field: 124849
003 - CONTROL NUMBER IDENTIFIER
- control field: NUST
005 - DATE AND TIME OF LATEST TRANSACTION
- control field: 20240729145119.0
008 - FIXED-LENGTH DATA ELEMENTS
- fixed length control field: 240729|| aca||aabn | a|a d
040 ## - CATALOGING SOURCE
- Original cataloging agency: NUST
- Transcribing agency: NUST
100 ## - HEADING--PERSONAL NAME
- Personal name: Ali Hussain Shah
670 ## - SOURCE DATA FOUND
- Source citation: Work cat.: (NUST): Ali Hussain Shah, اسماۓ محمد, 2001.
